| 000 | 01191nam a2200193 a 4500 | ||
|---|---|---|---|
| 001 | 49001 | ||
| 005 | 20180714033522.0 | ||
| 008 | 140415s2006 mx 000 0 spa d | ||
| 020 | _a9689080008 | ||
| 041 | _aspa | ||
| 082 |
_a344.7 _bAVA |
||
| 245 | 0 | 0 |
_aAVANCES, EXPERIENCIA INTERNACIONAL Y RETOS DE LOS SISTEMAS DE AHORRO PARA EL RETIRO : _bPONENCIAS DE LA CONFERENCIA CON MOTIVO DEL DECIMO ANIVERSARIO DE LA CONSAR, DESARROLLADA EN LA CIUDAD DE MEXICO EL 5 DE OCTUBRE DE 2004 |
| 250 | _a1a ed. | ||
| 260 |
_aMEXICO : _bCONSAR, _c2006 |
||
| 300 |
_a483 _c15 x 1 x 22.9 |
||
| 490 | _aVOLVAMOS AL CAMPO | ||
| 520 | _aEN 1994 SE CREÓ LA COMISIÓN NACIONAL DEL SISTEMA DE AHORRO PARA EL RETIRO (CONSAR), EL ORGANISMO REGULADOR Y SUPERVISRO DE LO QUE TRES AÑOS MÁS TARDE SERÍA EL NUEVO SISTEMA DE AHORRO PARA EL RETIRO -SAR. EL NACIMIENTO DLE SISTEMA DE AHARRO PARA EL RETIRO SIGNIFICÓ UN CAMBIO CULTURAL PROFUNDO PORQUE A DIFERENCIA DE LO QUE SUCEDÍA EN EL PASADO, PUSO A AL TRABAJADOR EN EL CENTRO DE LAS DECISIONES SOBRE EL AHORRO PARA SU RETIRO, CEDIÉNDOLE DESDE EL MOMENTO EN QUE INGRESA AL MERCADO LABORAL | ||
| 650 | 1 | 4 | _aSISTEMA DE AHORRO PARA EL RETIRO (SAR) |
| 999 |
_c49001 _d49001 |
||